1272 1587 1955 1875 1311 1845 1931 1305 1053 1426 1373 1039 1276 1864 1241 1763 1580 1196 1859 1372 1175 1305 1416 1843 1608 1792 1655 1276 1289 1749 1088 1043 1863 1203 1311 1891 1793 1593 1806 1678 1705 1395 1301 1290 1811 1121 1552 1567 1404 1135 1346 1202 1222 1347 1230 1442 1495 1295 1509 1387 1626 1217 1672 1592 1555 1792 1754 1039 1789 1004 1413 1955 1284 1704 1837 1112 1598 1640 1114 1347 1959 1570 1132 1688 1998 1940 1139 1318 1144 1217 1112 1442 1660 1982 1313 1443 1467 1985 1623 BCNSPRNW ULIB Ver.6.0+V

เปลี่ยนเป็นภาษาไทย

Change to English
 แสดงรายละเอียดบรรณานุกรม
  กลับหน้าหลัก

Brief Record : Get Marc (ISO 2709) : E-mail record : QR code < ปิดหน้าต่าง
สารบัญ Review โดย
ทศพร เกษรทอง
ห้องสมุดวิทยาเขตนครสวรรค์
ทศพร เกษรทอง เมื่อ20/กันยายน/2558
ข้อสอบทางการพยาบาลและการผดุงครรภ์
     - ลักษณะของข้อสอบ
     - การเตรียมตัวสู่การสอบ
     - ระเบียบปฏิบัติในการสอบ
เรื่อเล่าประสบการณ์จากการสอบของข้าพเจ้า
เรื่องเล่าประสบการณ์จากการติว "วิทยากร"
คำฝากจากใจครู

ข้อสอบเสมือนวิชา การผดุงครรภ์และการพยาบาลมารดาและทารก 600 ข้อ
ข้อสอบเสมือนวิชา การพยาบาลเด็กและวัยรุ่น 375 ข้อ
ข้อสอบเสมือนวิชา การการพยาบาลผู้ใหญ่ 375 ข้อ
ข้อสอบเสมือนวิชา การพยาบาลผู้สูงอายุ 200 ข้อ
ข้อสอบเสมือนวิชา การพยาบาลอนามัยชุมชนและการรักษาโรคเบื้องต้น 375 ข้อ
ข้อสอบเสมือนวิชา การพยาบาลสุขภาพจิตและจิตเวช 375 ข้อ
ข้อสอบเสมือนวิชา การสอบกฎหมายและจรรยาบรรณวิชาชีพ 200 ข้อ

LEADER : 00000nam 2200000uu 4500
001    13399124558
003     ULIB
008    150920s2558||||th 000 0 tha d
020    ^a9786163820372
060 04 ^aWY18.2^bค695
100 0  ^aชัชวาล วงค์สารี; บรรณาธิการ
245 00 ^aคู่มือ การวิเคราะห์ข้อสอบการพยาบาลและการผดุงครรภ์ /^cบรรณาธิการ; ชัชวาล วงค์สารี
260    ^aกรุงเทพฯ :^bเอ็น พี เพรส,^c2558.
300    ^a608 หน้า ;^c26 ซม.
650  4 ^aการพยาบาล^xข้อสอบและเฉลย
650  4 ^aการพยาบาล^xคำถามและคำตอบ
650  4 ^aการพยาบาล^xคู่มือ
945    ^p500^l0^i23162
945    ^p500^l0^i23161
999    ^aทศพร เกษรทอง
รายการนี้ยังไม่มีแท็ก
คุณยังไม่ได้ล็อกอิน คุณสามารถมีกิจกรรมร่วมกับเว็บไซต์ได้ แต่ต้องล็อกอินก่อน ::
  ล็อกอิน

รายการสื่อสารสนเทศ

ลำดับที่ ประเภท เลขเรียก/บาร์โค้ด สถานที่ สถานะ
1. Book การพยาบาล
หนังสือสำรอง
สถานะ=หนังสือสำรอง
WY18.2 ค695 ฉ.1 
  Barcode: 23161
ห้องสมุดวิทยาเขตนครสวรรค์
►หนังสือทั่วไป:l:General Books
ถูกยืม กำหนดส่งวันที่ 26 พฤศจิกายน 2559
  จอง
2. Book การพยาบาล
Book การพยาบาล
WY18.2 ค695 ฉ.2 
  Barcode: 23162
ห้องสมุดวิทยาเขตนครสวรรค์
►หนังสือทั่วไป:l:General Books
บนชั้น

รายการใกล้เคียง
    ผู้แต่ง [ชัชวาล วงค์สารี; บรรณาธิการ]

BibComment


ยังไม่เคยถูกคอมเมนท์

คอมเมนท์ทรัพยากรรายการนี้
  คอมเมนท์: คู่มือ การวิเครา..


 Copyright 2026. Bcnsprnw @Library